| 000 | 00369nam a2200145Ia 4500 | ||
|---|---|---|---|
| 005 | 20251222153533.0 | ||
| 008 | 251222s9999||||xx |||||||||||||| ||spa|| | ||
| 020 | _a9786123110031 | ||
| 082 | _a345.2/B42 | ||
| 100 | _aBenavente Chorres, Hesbert | ||
| 245 | 0 | _aCalificación de las Denuncias Penales: | |
| 250 | _a1ra.ed. | ||
| 264 | _bGaceta JurÃdica | ||
| 942 | _cLIB | ||
| 999 |
_c30150 _d30150 |
||